[Event "Barbera del Valles op 31st"]
[Site "Barbera del Valles"]
[Date "2008.07.11"]
[Round "7"]
[White "Pellus Ruiz, Josep"]
[Black "Losada Carrera, Francisco Javier"]
[Result "1-0"]
[WhiteElo "2219"]
[BlackElo "2165"]
[PlyCount "77"]
[EventDate "2008.07.04"]
[EventType "swiss"]
[EventRounds "9"]
[EventCountry "ESP"]
[SourceTitle "CBM 125 Extra"]
[Source "ChessBase"]
[SourceDate "2008.09.01"]
[SourceVersion "1"]
[SourceVersionDate "2008.09.01"]
[SourceQuality "1"]

1. c4 e5 2. g3 Nf6 3. Bg2 d6 4. Nc3 g6 5. e4 Bg7 6. Nge2 0-0 7. 0-0 c6 8. d4 Nbd7 9. h3 Qa5 10. Be3 b5 11. cxb5 cxb5 12. b4 Qxb4 13. Rb1 Qc4 14. Nxb5 Ba6 15. Nec3 Rfc8 16. Re1 Qe6 17. Qd2 Nb6 18. d5 Qd7 19. Bxb6 axb6 20. Bf1 h5 21. Na4 Qd8 22. Qe3 Rab8 23. Na7 Bxf1 24. Rxf1 Qd7 25. Nxc8 Qxh3 26. Ne7+ Kf8 27. Nxg6+ fxg6 28. Rxb6 Ra8 29. Nc3 Ke7 30. Rb7+ Nd7 31. Rfb1 Rh8 32. Qa7 Rd8 33. Qe3 Bf6 34. Qf3 h4 35. Nd1 Rh8 36. Qg2 Qg4 37. Ne3 Qe2 38. Qh3 Rd8 39. Qe6+ 1-0

[Event "Barbera del Valles op 31st"]
[Site "Barbera del Valles"]
[Date "2008.07.10"]
[Round "6"]
[White "Palacios Pena, Gerardo"]
[Black "Pellus Ruiz, Josep"]
[Result "1/2-1/2"]
[WhiteElo "2034"]
[BlackElo "2219"]
[PlyCount "143"]
[EventDate "2008.07.04"]
[EventType "swiss"]
[EventRounds "9"]
[EventCountry "ESP"]
[SourceTitle "CBM 125 Extra"]
[Source "ChessBase"]
[SourceDate "2008.09.01"]
[SourceVersion "1"]
[SourceVersionDate "2008.09.01"]
[SourceQuality "1"]

1. d4 Nf6 2. Nf3 g6 3. Bf4 Bg7 4. Nc3 c5 5. Qd2 cxd4 6. Nxd4 Nc6 7. 0-0-0 Nxd4 8. Qxd4 0-0 9. f3 d6 10. Qd2 Be6 11. Bh6 Qa5 12. Bxg7 Kxg7 13. e4 b5 14. Qg5 a6 15. h4 h6 16. Qe3 b4 17. Nb1 Qxa2 18. h5 g5 19. f4 gxf4 20. Qxf4 Qa5 21. Bd3 Qg5 22. g3 Bg4 23. Rdf1 Nxh5 24. Qxg5+ hxg5 25. Rf2 Nf6 26. Nd2 Rh8 27. Rg1 Nd7 28. Bc4 Ne5 29. Bd5 Rab8 30. Nc4 e6 31. Nxe5 dxe5 32. Bc4 Bh5 33. b3 Bg6 34. Re2 Rbd8 35. Kb2 Rd4 36. Bd3 Ra8 37. Ra1 a5 38. Re3 Kf6 39. g4 Ke7 40. Re2 Kd6 41. Re3 Kc5 42. Re2 Kb6 43. Rh1 Rdd8 44. Reh2 Kc5 45. Rh3 Kd4 46. Re1 Rh8 47. Rg3 Rh2 48. Bb5 Rc8 49. Rd3+ Kc5 50. Bc4 Rg2 51. Ra1 Ra8 52. Re1 a4 53. Rd7 a3+ 54. Kb1 Bxe4 55. Bd3 Bxd3 56. Rxd3 e4 57. Rd7 f5 58. Red1 Ra6 59. gxf5 Rc6 60. fxe6 Rxe6 61. R7d5+ Kc6 62. Ra5 Kb6 63. Rdd5 Rc6 64. Rdb5+ Kc7 65. Rxb4 Rcxc2 66. Rxa3 Rcf2 67. Rc4+ Kb6 68. Raa4 Rf1+ 69. Rc1 Rxc1+ 70. Kxc1 e3 71. Kd1 Kc5 72. Re4 1/2-1/2